Gaspard de la nuit : (Record no. 106189)

MARC details
000 -LEADER
fixed length control field 01142cam a2200241 a 4500
003 - CONTROL NUMBER IDENTIFIER
control field EG-GiCUC
008 - FIXED-LENGTH DATA ELEMENTS--GENERAL INFORMATION
fixed length control field 851024s1836 fr a 000 0 fre
040 ## - CATALOGING SOURCE
Original cataloging agency DLC
Transcribing agency DLC
Modifying agency DLC
050 00 - LIBRARY OF CONGRESS CALL NUMBER
Classification number PQ2196.B8
Item number G2 1836
092 04 - LOCALLY ASSIGNED DEWEY CALL NUMBER (OCLC)
Classification number 848.707
Item number B548
Edition number 21
099 ## - LOCAL FREE-TEXT CALL NUMBER (OCLC)
Classification number 04
-- 848.707 B548
100 1# - MAIN ENTRY--PERSONAL NAME
Personal name Bertrand, Aloysius,
Dates associated with a name 1807-1841.
245 10 - TITLE STATEMENT
Title Gaspard de la nuit :
Remainder of title fantaisies a la maniere de Rembrandt et de Callot /
Statement of responsibility, etc. Par Louis Bertrand ; illustrations d'Armand Seguin.
260 ## - PUBLICATION, DISTRIBUTION, ETC.
Place of publication, distribution, etc. Paris :
Name of publisher, distributor, etc. Ambroise Vollard,
Date of publication, distribution, etc. 1836.
300 ## - PHYSICAL DESCRIPTION
Extent xxxvi, 175 p. :
Other physical details ill. ;
Dimensions 16 cm.
500 ## - GENERAL NOTE
General note "Trois cent cinquante exemplaires numerotes: 1 a 20 sur japon ancien a la forme avec une double suite d'epreuves d'artiste sur chine de toutes les gravures sans le texte, 21 a120 sur chine, 121 a 350 sur velin a la forme ... avec le filigrane 'Gaspard de la nuit.' Il a et tire, en outre, sur chine, vingt-six suites d'epreuves d'artiste, numerotees des lettres de l'alphabet"--P. [ii]
600 10 - SUBJECT ADDED ENTRY--PERSONAL NAME
Personal name Bertrand, Aloysius,
Dates associated with a name 1807-1841.
700 1# - ADDED ENTRY--PERSONAL NAME
Personal name Seguin, Armand,
Dates associated with a name 1869-1903.
902 ## - LOCAL DATA ELEMENT B, LDB (RLIN)
No. of Items 1
905 ## - LOCAL DATA ELEMENT E, LDE (RLIN)
Cataloger Jamal
Reviser Cat.
905 ## - LOCAL DATA ELEMENT E, LDE (RLIN)
Cataloger Mona
Reviser Rev
942 ## - ADDED ENTRY ELEMENTS (KOHA)
Source of classification or shelving scheme Dewey Decimal Classification
Koha item type Books
Holdings
Source of classification or shelving scheme Not for loan Home library Current library Date acquired Full call number Barcode Date last seen Copy number Koha item type
Dewey Decimal Classification   المكتبة المركزبة الجديدة - جامعة القاهرة قاعة الانسانيات - الدور الثاني 11.02.2024 848.707 B548 01000110185763000 23.09.2023 C.1 Books
Cairo University Libraries Portal Implemented & Customized by: Eng. M. Mohamady Contacts: new-lib@cl.cu.edu.eg | cnul@cl.cu.edu.eg
CUCL logo CNUL logo
© All rights reserved — Cairo University Libraries
CUCL logo
Implemented & Customized by: Eng. M. Mohamady Contact: new-lib@cl.cu.edu.eg © All rights reserved — New Central Library
CNUL logo
Implemented & Customized by: Eng. M. Mohamady Contact: cnul@cl.cu.edu.eg © All rights reserved — Cairo National University Library